[Event "2022 Mary Thomson Cup (Division A)"]
[Site "Woodvale, Perth WA AUS"]
[Date "2022.03.09"]
[Round "6"]
[White "Stortz, Robert"]
[Black "Barry, David"]
[Result "1/2-1/2"]
[WhiteElo "1938"]
[BlackElo "1834"]
[PlyCount "122"]
[EventDate "2022.02.02"]
[EventType "swiss"]
[EventRounds "7"]
[EventCountry "AUS"]

1. d4 Nf6 2. Bf4 c5 3. c3 cxd4 4. cxd4 d5 5. e3 Nc6 6. Nc3 a6 7. Nf3 Bg4 8. Be2
g6 9. h3 Bd7 10. Qb3 Na5 11. Qd1 b5 12. Ne5 Nc4 13. b3 Nb6 14. O-O b4 15. Nb1
Bg7 16. Nd2 a5 17. Rc1 Rc8 18. Rxc8 Qxc8 19. Nxd7 Nfxd7 20. Qb1 e5 21. Rc1 Qb7
22. dxe5 Bxe5 23. Bxe5 Nxe5 24. Qb2 f6 25. Bb5+ Kf7 26. Qd4 Rc8 27. Rxc8 Nxc8
28. Qc5 Nb6 29. Be2 Qa7 30. Nf3 Ned7 31. Qc2 a4 32. Nd4 axb3 33. axb3 Qa1+ 34.
Kh2 Qc3 35. Bd1 Ne5 36. Qxc3 bxc3 37. Nb5 Nd3 38. Kg3 d4 39. exd4 Nd5 40. Na3
N5b4 41. Kf3 Ne1+ 42. Ke2 c2 43. Nxc2 Nexc2 44. Bxc2 Nxc2 45. Kd3 Ne1+ 46. Kc4
Nxg2 47. Kc5 Nf4 48. b4 Ne6+ 49. Kd5 Ke7 50. b5 Nc7+ 51. Kc6 Nxb5 52. Kxb5 Kd6
53. Kc4 g5 54. d5 f5 55. Kd4 g4 56. hxg4 fxg4 57. Ke4 h5 58. Kf4 Kxd5 59. Kg5
Ke4 60. Kxh5 Kf3 61. Kh4 Kxf2 1/2-1/2

[Event "2022 Mary Thomson Cup (Division B)"]
[Site "Woodvale, Perth WA AUS"]
[Date "2022.03.09"]
[Round "6"]
[White "Walker, Colin"]
[Black "Leech, Martin"]
[Result "0-1"]
[WhiteElo "1425"]
[BlackElo "1430"]
[PlyCount "92"]
[EventDate "2022.02.02"]
[EventType "tourn"]
[EventRounds "7"]
[EventCountry "AUS"]

1. d4 Nf6 2. Nf3 d5 3. e3 Nc6 4. c4 e6 5. a3 Be7 6. cxd5 exd5 7. Nc3 O-O 8. Be2
Bf5 9. O-O a6 10. b4 b5 11. Ne1 Qd7 12. f3 Rfe8 13. Bd3 Rad8 14. Qc2 Bxd3 15.
Qxd3 Bd6 16. g3 Qh3 17. Qc2 Re6 18. Qg2 Qh5 19. Ra2 Ne7 20. g4 Qg5 21. Re2 h6
22. h3 Nh7 23. f4 Qh4 24. Nf3 Qf6 25. f5 Nxf5 26. Nxd5 Bh2+ 27. Kxh2 Rxd5 28.
gxf5 Rxf5 29. Ref2 Qe7 30. Kh1 Rg6 31. Qh2 Qe4 32. Qxc7 Ng5 33. Qc2 Qxc2 34.
Rxc2 Rxf3 35. Rxf3 Nxf3 36. Rg2 Rc6 37. Bb2 Ne1 38. Re2 Nd3 39. Kg2 Nxb2 40.
Rxb2 Rc3 41. d5 Rxe3 42. Rd2 Kf8 43. d6 Ke8 44. d7+ Kd8 45. a4 bxa4 46. Ra2 a3
0-1

[Event "2022 Mary Thomson Cup (Division B)"]
[Site "Woodvale, Perth WA AUS"]
[Date "2022.03.16"]
[Round "6"]
[White "Doshi, Chirag"]
[Black "Oswald, Franz"]
[Result "1-0"]
[WhiteElo "1760"]
[BlackElo "1505"]
[PlyCount "57"]
[EventDate "2022.02.02"]
[EventType "tourn"]
[EventRounds "7"]
[EventCountry "AUS"]

1. e4 c6 2. d4 d5 3. exd5 cxd5 4. Nf3 Nc6 5. c3 Qc7 6. Bd3 Bg4 7. h3 Bh5 8. Be3
e6 9. Nbd2 Bd6 10. Qc2 Nge7 11. Rc1 Bg6 12. Bxg6 Nxg6 13. O-O O-O 14. a3 Bf4
15. Qd3 Bxe3 16. Qxe3 Qb6 17. b4 e5 18. Nb3 exd4 19. cxd4 Rfe8 20. Qd2 a5 21.
Nc5 axb4 22. axb4 Qxb4 23. Qxb4 Nxb4 24. Nxb7 Nf4 25. Kh2 h6 26. Rc7 Kf8 27.
Nd6 Re7 28. Rfc1 Ne6 29. Rc8+ 1-0

[Event "2022 Mary Thomson Cup (Division B)"]
[Site "Woodvale, Perth WA AUS"]
[Date "2022.03.09"]
[Round "6"]
[White "Gough, Dylan"]
[Black "Weijermars, Tristan"]
[Result "1-0"]
[WhiteElo "1699"]
[BlackElo "1459"]
[PlyCount "137"]
[EventDate "2022.02.02"]
[EventType "tourn"]
[EventRounds "7"]
[EventCountry "AUS"]

1. d4 d5 2. c4 e6 3. Nc3 Nf6 4. e3 Nbd7 5. Nf3 c5 6. cxd5 cxd4 7. dxe6 dxc3 8.
exd7+ Bxd7 9. bxc3 Be7 10. Ne5 O-O 11. Nxd7 Nxd7 12. Be2 Rc8 13. Bb2 Qc7 14.
O-O Ne5 15. Qa4 a6 16. Rac1 Rfd8 17. Rfd1 Qb6 18. Qb3 Qc6 19. c4 Rxd1+ 20. Qxd1
Nd7 21. Bf3 Qc7 22. Qd5 Nf8 23. Be5 Qb6 24. Qe4 Ng6 25. Bd4 Qb5 26. Be2 Qb4 27.
g3 Qd2 28. Qc2 Qa5 29. Qb2 Ba3 30. Qxb7 Rc7 31. Qb8+ Nf8 32. Rd1 Rd7 33. Qb3
Be7 34. Qc2 Ne6 35. Bc3 Rxd1+ 36. Bxd1 Qc7 37. Be2 Nc5 38. Bb4 a5 39. Bxc5 Qxc5
40. Qa4 Kf8 41. Qb5 g6 42. Qxc5 Bxc5 43. Kg2 Ke7 44. Kf3 Ke6 45. Kf4 Kf6 46. h4
h6 47. Ke4 Ke6 48. g4 Kd6 49. Bd1 f6 50. f4 Bb4 51. Kd4 Bc5+ 52. Ke4 Bb4 53.
Kd3 Bc5 54. e4 Bf2 55. h5 gxh5 56. gxh5 Bg3 57. Ke3 Bh2 58. Kf3 Bg1 59. Kg4 Ke6
60. Bb3 Bc5 61. Ba4 Bb4 62. Bc6 Bc5 63. Bd5+ Ke7 64. Kf5 Be3 65. e5 Bd4 66.
exf6+ Bxf6 67. c5 Bg7 68. Kg6 Bf8 69. f5 1-0

[Event "2022 Mary Thomson Cup (Division C)"]
[Site "Woodvale, Perth WA AUS"]
[Date "2022.03.09"]
[Round "6"]
[White "Powell, Darren"]
[Black "Brooke, John"]
[Result "1/2-1/2"]
[WhiteElo "1210"]
[BlackElo "1291"]
[PlyCount "145"]
[EventDate "2022.02.02"]
[EventType "tourn"]
[EventRounds "7"]
[EventCountry "AUS"]

1. e4 e5 2. Bc4 Nf6 3. Nc3 Nc6 4. Nf3 h6 5. a3 Bc5 6. O-O a6 7. b4 Ba7 8. Bb2
d6 9. h3 O-O 10. d3 Re8 11. Ne2 Ne7 12. Ng3 Bd7 13. Bb3 b5 14. c4 c5 15. Bc3
Qc8 16. Bd2 Ng6 17. Ne2 Nh5 18. Qc1 Be6 19. a4 Nhf4 20. Nxf4 Nxf4 21. Bxf4 exf4
22. Qxf4 Rd8 23. Qd2 cxb4 24. Qxb4 Bc5 25. Qd2 Rb8 26. Rfb1 Bxh3 27. Qf4 Be6
28. e5 b4 29. Rd1 a5 30. d4 Bb6 31. exd6 Bxc4 32. Rac1 Qb7 33. Bxc4 Re8 34. Ne5
Rf8 35. Bb5 Rbd8 36. Bc6 Qa7 37. Nc4 Qb8 38. Nxb6 Qxb6 39. d7 b3 40. Bb5 Qe6
41. Re1 Qd5 42. Re5 Qd6 43. Rc6 Qb4 44. Rc4 Qa3 45. Rc3 Qa1+ 46. Rc1 b2 47.
Rxa1 bxa1=Q+ 48. Kh2 Qa2 49. Re4 Qd5 50. Qh4 Qd6+ 51. g3 Qf6 52. Qxf6 gxf6 53.
Re7 Kg7 54. Bc4 f5 55. Bb5 Kf6 56. Re5 Rg8 57. Bc6 h5 58. Rxa5 Rg4 59. Re5 Rxd4
60. Re8 R8xd7 61. Bxd7 Rxd7 62. Ra8 Kg5 63. f4+ Kg4 64. Rg8+ Kf3 65. Kh3 Rd1
66. Kh4 Rh1+ 67. Kg5 Kxg3 68. Kxf5+ Kf3 69. Rg7 Ra1 70. Rxf7 Rxa4 71. Kg5 Ra5+
72. Kh4 Ke4 73. f5 1/2-1/2

[Event "2022 Mary Thomson Cup (Division C)"]
[Site "Woodvale, Perth WA AUS"]
[Date "2022.03.09"]
[Round "6"]
[White "Massam, Justin"]
[Black "Lanham, Bruce"]
[Result "1-0"]
[WhiteElo "1424"]
[BlackElo "1220"]
[PlyCount "87"]
[EventDate "2022.02.02"]
[EventType "tourn"]
[EventRounds "7"]
[EventCountry "AUS"]

1. d4 d5 2. Nf3 Nf6 3. Bf4 e6 4. c3 c5 5. dxc5 Bxc5 6. b4 Bd6 7. Bxd6 Qxd6 8.
e3 Nbd7 9. Bd3 O-O 10. O-O a6 11. Bc2 b5 12. e4 Qe7 13. e5 Ng4 14. Qd3 g6 15.
Re1 Nb6 16. Qd2 Nc4 17. Qf4 Qa7 18. Qxg4 Bb7 19. Nd4 Rac8 20. Qf4 Qb8 21. Bb3
Qc7 22. Bxc4 dxc4 23. Nd2 Rcd8 24. N2f3 Rd7 25. Qh6 Bxf3 26. Nxf3 f5 27. exf6
Rxf6 28. Rad1 Rd3 29. Rxd3 cxd3 30. Qd2 Qd6 31. Ne5 Kg7 32. Nxd3 Qd5 33. Rd1 e5
34. Nc5 Qxd2 35. Rxd2 h6 36. g3 g5 37. Ne4 Re6 38. Rd6 Rxd6 39. Nxd6 Kf6 40.
Ne4+ Kf5 41. Nc5 h5 42. Kg2 g4 43. Nxa6 Ke4 44. Nc7 1-0

[Event "2022 Mary Thomson Cup (Division C)"]
[Site "Woodvale, Perth WA AUS"]
[Date "2022.03.09"]
[Round "6"]
[White "Boswarva, Ernest"]
[Black "Knight, Charles"]
[Result "1-0"]
[WhiteElo "1423"]
[BlackElo "1322"]
[PlyCount "59"]
[EventDate "2022.02.02"]
[EventType "tourn"]
[EventRounds "7"]
[EventCountry "AUS"]

1. d4 d5 2. e3 Nf6 3. Bd3 c5 4. c3 c4 5. Bc2 Nc6 6. f4 Bg4 7. Nf3 e6 8. O-O Bd6
9. Nbd2 O-O 10. Qe1 Bf5 11. Qd1 Bxc2 12. Qxc2 h6 13. Ne5 Bxe5 14. fxe5 Ng4 15.
Nf3 h5 16. h3 Nh6 17. e4 dxe4 18. Bxh6 exf3 19. Rxf3 gxh6 20. Rf6 Nxd4 21. cxd4
Qxd4+ 22. Kh1 Kg7 23. Qe2 Qh4 24. Raf1 Rac8 25. R1f4 Qg5 26. h4 Qg3 27. Qxh5
Rc7 28. Rg4+ Qxg4 29. Qxg4+ Kh7 30. Qh5 1-0

[Event "2022 Mary Thomson Cup (Division C)"]
[Site "Woodvale, Perth WA AUS"]
[Date "2022.03.09"]
[Round "6"]
[White "Hounsome, David"]
[Black "Michael, Ashley"]
[Result "0-1"]
[WhiteElo "1378"]
[BlackElo "1334"]
[PlyCount "78"]
[EventDate "2022.02.02"]
[EventType "tourn"]
[EventRounds "7"]
[EventCountry "AUS"]

1. d4 c5 2. d5 Nf6 3. c4 b5 4. b3 g6 5. Bb2 Bg7 6. Nf3 Qb6 7. Nbd2 O-O 8. e4 d6
9. Be2 Ba6 10. O-O bxc4 11. Bxc4 Nbd7 12. Qe2 Bxc4 13. Nxc4 Qa6 14. Rfe1 Nb6
15. a3 Rab8 16. Rad1 Nxc4 17. bxc4 Rxb2 18. Qxb2 Nxe4 19. Qb3 f5 20. Rd3 Qa5
21. Re2 Qc7 22. Nd2 Rb8 23. Qc2 Rb2 24. Qd1 Nc3 25. Rxc3 Bxc3 26. Nb3 Qb6 27.
Rxb2 Bxb2 28. a4 Qb4 29. Nd2 Bc3 30. Nb1 Bd4 31. Nd2 Qb2 32. g3 Qa1 33. Qxa1
Bxa1 34. Nb3 Bc3 35. f4 Kf7 36. Kf2 e6 37. dxe6+ Kxe6 38. h3 Bb4 39. Kf3 d5 0-1

[Event "2022 Mary Thomson Cup (Division D)"]
[Site "Woodvale, Perth WA AUS"]
[Date "2022.03.09"]
[Round "6"]
[White "Frankland, David"]
[Black "Muller, Norbert"]
[Result "0-1"]
[WhiteElo "1003"]
[BlackElo "1202"]
[PlyCount "48"]
[EventDate "2022.02.02"]
[EventType "tourn"]
[EventRounds "7"]
[EventCountry "AUS"]

1. e4 e5 2. d3 Nf6 3. h3 d5 4. f3 Nc6 5. c3 Be7 6. Ne2 O-O 7. Ng3 b5 8. Na3 Ba6
9. b4 Qc8 10. Nf5 Rd8 11. Nxe7+ Nxe7 12. Bg5 Qe6 13. Qb3 Rac8 14. O-O-O c5 15.
exd5 Nfxd5 16. Bxe7 Qxe7 17. Nc2 cxb4 18. Nxb4 Rxc3+ 19. Nc2 Rxb3 20. axb3 Rc8
21. Kb2 Qc5 22. Rc1 Qc3+ 23. Kb1 Qxb3+ 24. Ka1 Nc3 0-1

[Event "2022 Mary Thomson Cup (Division D)"]
[Site "Woodvale, Perth WA AUS"]
[Date "2022.03.09"]
[Round "6"]
[White "Gough, Sebastian"]
[Black "Kwenda, Ridge"]
[Result "0-1"]
[WhiteElo "668"]
[BlackElo "913"]
[PlyCount "92"]
[EventDate "2022.02.02"]
[EventType "tourn"]
[EventRounds "7"]
[EventCountry "AUS"]

1. d4 d5 2. Bf4 Nc6 3. Nf3 Bg4 4. Nbd2 e6 5. e3 Bb4 6. c3 Bd6 7. Be2 Bxf4 8.
exf4 Qd6 9. Ne5 Bxe2 10. Qxe2 Nh6 11. O-O Nf5 12. Nxc6 Qxc6 13. Nf3 f6 14. Nd2
O-O-O 15. Rae1 Rde8 16. c4 h5 17. Qd3 g5 18. fxg5 fxg5 19. cxd5 Qxd5 20. Re4
Rhg8 21. b3 h4 22. Re5 Qxd4 23. Qxd4 Nxd4 24. g4 Ref8 25. h3 Kd7 26. Re4 c5 27.
Nc4 b6 28. Ne5+ Kd6 29. Nc4+ Kd5 30. Re5+ Kc6 31. Re3 Rf4 32. Ne5+ Kd5 33. f3
b5 34. Kg2 Nc2 35. Rd3+ Rd4 36. Rxd4+ cxd4 37. Rf2 Ne3+ 38. Kg1 Kxe5 39. Re2
Kf4 40. Kf2 Rc8 41. Rd2 e5 42. Re2 Rc1 43. Re1 Rc2+ 44. Re2 Rxe2+ 45. Kxe2 Kg3
46. Kd3 Kxf3 0-1

[Event "2022 Mary Thomson Cup (Division D)"]
[Site "Woodvale, Perth WA AUS"]
[Date "2022.03.09"]
[Round "6"]
[White "Markou, Victor"]
[Black "Young, Manfred"]
[Result "0-1"]
[WhiteElo "1108"]
[BlackElo "1127"]
[PlyCount "26"]
[EventDate "2022.02.02"]
[EventType "tourn"]
[EventRounds "7"]
[EventCountry "AUS"]

1. e4 Nc6 2. Nf3 e5 3. g3 Nf6 4. d3 h6 5. Bg2 d5 6. Nbd2 Bg4 7. c3 Bc5 8. O-O
O-O 9. Re1 dxe4 10. Nxe4 Nxe4 11. dxe4 Qf6 12. Be3 Rad8 13. Qe2 Bxe3 14. Qxe3
Rd6 15. h3 Bh5 16. Rad1 Rfd8 17. Rxd6 Rxd6 18. Nh4 Qd8 19. g4 Rd3 20. Qc1 Bxg4
21. hxg4 Qxh4 22. Re3 Qd8 23. Bf3 Ne7 24. Rxd3 Qxd3 25. Qd1 Qxd1+ 26. Bxd1 g5
27. Ba4 Ng6 28. Bd7 Nf4 29. Kf1 Kf8 30. f3 Ke7 31. Bc8 b6 32. Kf2 Nd3+ 33. Ke3
Nxb2 34. Bb7 Nc4+ 35. Kd3 Nd6 36. Bd5 f6 37. a4 a5 38. c4 Kd7 39. Kc3 c6 40.
Bg8 b5 41. cxb5 cxb5 42. axb5 Nxb5+ 43. Kb3 Nd4+ 44. Ka4 Kc6 45. Kxa5 Nxf3 46.
Bh7 Kc5 47. Bf5 Nd2 48. Ka4 Kd4 49. Kb4 Nxe4 50. Kb3 Nc5+ 51. Kc2 e4 52. Kd2
e3+ 53. Ke2 Ne4 54. Kf3 Nc3 {Game continued for a few more moves.} 0-1

[Event "2022 Mary Thomson Cup (Division A)"]
[Site "Woodvale, Perth WA AUS"]
[Date "2022.03.23"]
[Round "7"]
[White "Barry, David"]
[Black "Maggs, Derwent"]
[Result "0-1"]
[WhiteElo "1834"]
[BlackElo "2292"]
[PlyCount "66"]
[EventDate "2022.02.02"]
[EventType "swiss"]
[EventRounds "7"]
[EventCountry "AUS"]

1. e4 c5 2. Nf3 d6 3. d4 cxd4 4. Nxd4 Nf6 5. Nc3 a6 6. Be3 e5 7. Nb3 Be7 8. f3
Be6 9. Qd2 O-O 10. O-O-O Nbd7 11. g4 b5 12. Kb1 b4 13. Nd5 Bxd5 14. exd5 Nb6
15. Bxb6 Qxb6 16. h4 a5 17. h5 a4 18. Nc1 b3 19. a3 bxc2+ 20. Qxc2 Rfc8 21. Qd2
Rab8 22. Rh2 Rc5 23. Nd3 Rxd5 24. g5 Nd7 25. g6 Bf6 26. Qg2 Nc5 27. gxh7+ Kh8
28. h6 g6 29. f4 e4 30. f5 g5 31. Rd2 Nxd3 32. Bxd3 Rxd3 33. Rxd3 exd3 0-1

[Event "2022 Mary Thomson Cup (Division A)"]
[Site "Woodvale, Perth WA AUS"]
[Date "2022.03.23"]
[Round "7"]
[White "Maris, Rob"]
[Black "Davoll, Josh"]
[Result "1-0"]
[WhiteElo "2093"]
[BlackElo "1818"]
[PlyCount "115"]
[EventDate "2022.02.02"]
[EventType "swiss"]
[EventRounds "7"]
[EventCountry "AUS"]

1. c4 e6 2. Nf3 d5 3. g3 Nf6 4. Bg2 dxc4 5. Qa4+ Bd7 6. Qxc4 c5 7. Ne5 Qc8 8.
b3 Nc6 9. Nxd7 Qxd7 10. Bb2 Be7 11. O-O Rc8 12. Rc1 O-O 13. Bxc6 Qxc6 14. d3
Rfd8 15. Nd2 Ne8 16. Nf3 Bf6 17. Rab1 Rc7 18. b4 Bxb2 19. Rxb2 cxb4 20. Qxc6
bxc6 21. Rxb4 c5 22. Rbc4 Rdc8 23. Nd2 Nd6 24. R4c2 e5 25. f4 Nf5 26. Ne4 Nd4
27. Rb2 f5 28. Nd6 exf4 29. Nxc8 Rxc8 30. gxf4 Rc7 31. Kf2 Kf7 32. e3 Ne6 33.
d4 Ke8 34. Rbc2 Kd7 35. d5 Nd8 36. Rxc5 Rb7 37. R1c2 Nf7 38. R5c3 Kd6 39. Rb3
Re7 40. Rb5 Nd8 41. Rc8 Kd7 42. Ra8 Ke8 43. d6 Rd7 44. Re5+ Kf7 45. Re7+ Rxe7
46. dxe7 Kxe7 47. Rxa7+ Kf6 48. Rd7 Ne6 49. Rd6 Ke7 50. Rxe6+ Kxe6 51. e4 fxe4
52. Ke3 Kd5 53. f5 Ke5 54. a4 Kd5 55. h4 Ke5 56. h5 Kxf5 57. a5 Kg5 58. a6 1-0

[Event "2022 Mary Thomson Cup (Division A)"]
[Site "Woodvale, Perth WA AUS"]
[Date "2022.04.06"]
[Round "7"]
[White "Saxon, Marc"]
[Black "List, Ross"]
[Result "1-0"]
[WhiteElo "1979"]
[BlackElo "1826"]
[PlyCount "85"]
[EventDate "2022.02.02"]
[EventType "swiss"]
[EventRounds "7"]
[EventCountry "AUS"]

1. e4 e6 2. d4 d5 3. Nd2 c5 4. Ngf3 cxd4 5. Nxd4 Nc6 6. Nxc6 bxc6 7. Bd3 Nf6 8.
e5 Nd7 9. f4 Qh4+ 10. g3 Qd8 11. c3 Be7 12. Nb3 Qb6 13. Qe2 a5 14. Be3 Qc7 15.
Nd4 Nc5 16. Bc2 Ba6 17. Qg4 g6 18. Kf2 Bd3 19. Kg2 Bxc2 20. Nxc2 Ne4 21. Rae1
Kf8 22. Nd4 Qd7 23. Rhf1 c5 24. Nf3 h6 25. Nh4 Bxh4 26. Qxh4 Rb8 27. Bc1 Qe7
28. Qh3 c4 29. g4 Kg7 30. Re3 g5 31. Ref3 Rbf8 32. Qh5 f6 33. f5 exf5 34. gxf5
Qf7 35. Qxf7+ Kxf7 36. e6+ Ke7 37. b3 Rc8 38. Ba3+ Ke8 39. bxc4 Rxc4 40. Rb1
Rc8 41. Rb7 Nd2 42. Re7+ Kd8 43. Rd3 1-0

[Event "2022 Mary Thomson Cup (Division B)"]
[Site "Woodvale, Perth WA AUS"]
[Date "2022.03.23"]
[Round "7"]
[White "Weijermars, Tristan"]
[Black "Hintz, Steven"]
[Result "1-0"]
[WhiteElo "1459"]
[BlackElo "1558"]
[PlyCount "99"]
[EventDate "2022.02.02"]
[EventType "tourn"]
[EventRounds "7"]
[EventCountry "AUS"]

1. Nc3 d5 2. e4 d4 3. Nce2 e5 4. Nf3 Nc6 5. Ng3 Bc5 6. Bb5 Qd6 7. O-O Nge7 8.
d3 h6 9. h3 Be6 10. Nd2 a6 11. Nc4 Bxc4 12. Bxc4 Na5 13. Bb3 Nxb3 14. axb3
O-O-O 15. Qg4+ Kb8 16. Qxg7 Qe6 17. Qg4 Qc6 18. Nf5 Rdg8 19. Nxe7 Bxe7 20. Qf5
Bf6 21. Qf3 Rg6 22. Qe2 Rhg8 23. g3 Qe6 24. Kh2 Bh4 25. g4 h5 26. f3 Bg5 27.
Bxg5 Rxg5 28. h4 R5g7 29. g5 f6 30. Rg1 fxg5 31. Rxg5 Rxg5 32. hxg5 Rxg5 33.
Qd2 Qf6 34. Rf1 h4 35. f4 Rg3 36. f5 Rg5 37. Rg1 Rh5 38. Rg6 Qf7 39. Qg2 Rh8
40. Qg5 Qf8 41. Qf6 Qxf6 42. Rxf6 Re8 43. Rh6 Kc8 44. Kh3 Kd7 45. Kxh4 c6 46.
Rh7+ Kc8 47. f6 b5 48. Rg7 Rf8 49. Kg5 Rh8 50. f7 1-0

[Event "2022 Mary Thomson Cup (Division B)"]
[Site "Woodvale, Perth WA AUS"]
[Date "2022.03.23"]
[Round "7"]
[White "Oswald, Franz"]
[Black "Gough, Dylan"]
[Result "1-0"]
[WhiteElo "1505"]
[BlackElo "1699"]
[PlyCount "75"]
[EventDate "2022.02.02"]
[EventType "tourn"]
[EventRounds "7"]
[EventCountry "AUS"]

1. d4 Nf6 2. c4 e6 3. Nc3 d5 4. Bg5 Be7 5. e3 c6 6. Nf3 h6 7. Bh4 Nbd7 8. Qc2
dxc4 9. Bxc4 Nd5 10. Bxe7 Qxe7 11. a3 b5 12. Bd3 Bb7 13. O-O O-O 14. b4 a6 15.
Rac1 N7f6 16. Ne4 Nxe4 17. Bxe4 f6 18. Bh7+ Kh8 19. Bd3 a5 20. Nh4 Qf7 21. Ng6+
Kg8 22. Nxf8 Qxf8 23. Be4 axb4 24. Bxd5 exd5 25. axb4 Qxb4 26. Ra1 Ra3 27. Rxa3
Qxa3 28. Rb1 Qa5 29. Qb2 Kf7 30. Ra1 Qb6 31. Qb4 Qc7 32. Qc5 Ke6 33. g3 Kf5 34.
Kg2 g5 35. e4+ Kxe4 36. Re1+ Kf5 37. Qc2+ Kg4 38. Qg6 1-0

[Event "2022 Mary Thomson Cup (Division B)"]
[Site "Woodvale, Perth WA AUS"]
[Date "2022.03.23"]
[Round "7"]
[White "Leech, Martin"]
[Black "Doshi, Chirag"]
[Result "0-1"]
[WhiteElo "1430"]
[BlackElo "1760"]
[PlyCount "96"]
[EventDate "2022.02.02"]
[EventType "tourn"]
[EventRounds "7"]
[EventCountry "AUS"]

1. e4 c6 2. d4 d5 3. e5 e6 4. Nf3 c5 5. c3 Nc6 6. Be2 cxd4 7. cxd4 Nge7 8. O-O
Nf5 9. Nc3 Bb4 10. a3 Bxc3 11. bxc3 a6 12. Rb1 O-O 13. Nd2 f6 14. f4 Ne3 15.
Qe1 Nxf1 16. Qxf1 fxe5 17. dxe5 Nxe5 18. Nf3 Nxf3+ 19. Bxf3 Rb8 20. Be3 Qa5 21.
Qc1 b5 22. Bd4 Bd7 23. Ra1 Rbc8 24. Qe3 Qc7 25. Be5 Qc5 26. Qxc5 Rxc5 27. Bd6
Rxc3 28. Bxf8 Kxf8 29. Kf1 Ke7 30. Ke2 Kd6 31. Kd2 d4 32. Be4 h6 33. Bd3 Bc8
34. g3 Kc5 35. Ra2 Bb7 36. Rc2 Rxc2+ 37. Kxc2 Bd5 38. h4 Bc4 39. Be4 a5 40. Kb2
a4 41. Bf3 b4 42. axb4+ Kxb4 43. Bg4 a3+ 44. Ka1 Kc3 45. f5 exf5 46. Bxf5 Bd3
47. Bxd3 Kxd3 48. g4 Ke4 0-1

[Event "2022 Mary Thomson Cup (Division C)"]
[Site "Woodvale, Perth WA AUS"]
[Date "2022.03.23"]
[Round "7"]
[White "Michael, Ashley"]
[Black "Powell, Darren"]
[Result "1-0"]
[WhiteElo "1334"]
[BlackElo "1210"]
[PlyCount "61"]
[EventDate "2022.02.02"]
[EventType "tourn"]
[EventRounds "7"]
[EventCountry "AUS"]

1. e4 e5 2. Nf3 d6 3. d4 Bg4 4. dxe5 Bxf3 5. Qxf3 dxe5 6. Bc4 Nf6 7. Qb3 Qe7 8.
Qxb7 Qb4+ 9. Qxb4 Bxb4+ 10. c3 Bc5 11. O-O Nxe4 12. Bd5 Nd6 13. Bxa8 c6 14. Rd1
Kd7 15. b4 Bb6 16. c4 Bd4 17. c5 Ne4 18. Be3 Kc7 19. Bxd4 exd4 20. Rxd4 Re8 21.
f3 Nf6 22. Nc3 Nbd7 23. Bxc6 Kxc6 24. Rd6+ Kc7 25. Nb5+ Kb7 26. c6+ Kc8 27.
cxd7+ Nxd7 28. Nxa7+ Kd8 29. Rad1 Re7 30. Nc6+ Ke8 31. Nxe7 1-0

[Event "2022 Mary Thomson Cup (Division C)"]
[Site "Woodvale, Perth WA AUS"]
[Date "2022.03.23"]
[Round "7"]
[White "Knight, Charles"]
[Black "Hounsome, David"]
[Result "1-0"]
[WhiteElo "1322"]
[BlackElo "1378"]
[PlyCount "47"]
[EventDate "2022.02.02"]
[EventType "tourn"]
[EventRounds "7"]
[EventCountry "AUS"]

1. e4 e6 2. c4 d5 3. cxd5 exd5 4. Qb3 Nf6 5. e5 Qe7 6. d4 c5 7. Bb5+ Nc6 8. Ne2
Nd7 9. Qxd5 Nb4 10. Bxd7+ Qxd7 11. Qb3 cxd4 12. O-O Bc5 13. Bf4 O-O 14. Nd2 b6
15. Ne4 Nd5 16. Rad1 Nxf4 17. Nxf4 Qf5 18. Qf3 Qxe5 19. Nd3 Qe7 20. Nexc5 bxc5
21. Qxa8 Bb7 22. Qxa7 Ra8 23. Qxc5 Qxc5 24. Nxc5 1-0

[Event "2022 Mary Thomson Cup (Division C)"]
[Site "Woodvale, Perth WA AUS"]
[Date "2022.03.23"]
[Round "7"]
[White "Lanham, Bruce"]
[Black "Boswarva, Ernest"]
[Result "1/2-1/2"]
[WhiteElo "1220"]
[BlackElo "1423"]
[PlyCount "99"]
[EventDate "2022.02.02"]
[EventType "tourn"]
[EventRounds "7"]
[EventCountry "AUS"]

1. d4 d5 2. Nf3 Nf6 3. g3 Bf5 4. Bg2 h6 5. c4 c6 6. Nc3 e6 7. b3 Nbd7 8. O-O
Bd6 9. Nd2 Bb4 10. Bb2 O-O 11. a3 Bxc3 12. Bxc3 Re8 13. Re1 e5 14. dxe5 Nxe5
15. Bxe5 Rxe5 16. Nf3 Re7 17. cxd5 Rd7 18. Nd4 Be4 19. Bxe4 Nxe4 20. Qc2 cxd5
21. Rac1 Qf6 22. Nf3 Qb6 23. e3 Qf6 24. Kg2 g5 25. Qe2 Nc3 26. Qd2 Ne4 27. Qe2
Nc3 28. Qd2 Rc8 29. Qd4 Qxd4 30. Nxd4 Rdc7 31. Rc2 a6 32. a4 b5 33. axb5 Nxb5
34. Rxc7 Rxc7 35. Ra1 Nxd4 36. exd4 Rc6 37. Ra5 Rd6 38. b4 Kg7 39. b5 axb5 40.
Rxb5 Kf6 41. f4 g4 42. h3 h5 43. hxg4 hxg4 44. Kf2 Kf5 45. Ke3 f6 46. Kd3 Rd7
47. Rc5 Ke6 48. Rc6+ Kf5 49. Rc5 Ke6 50. Rc6+ 1/2-1/2

[Event "2022 Mary Thomson Cup (Division C)"]
[Site "Woodvale, Perth WA AUS"]
[Date "2022.03.23"]
[Round "7"]
[White "Brooke, John"]
[Black "Massam, Justin"]
[Result "0-1"]
[WhiteElo "1291"]
[BlackElo "1424"]
[PlyCount "100"]
[EventDate "2022.02.02"]
[EventType "tourn"]
[EventRounds "7"]
[EventCountry "AUS"]

1. d4 d5 2. Nf3 Nf6 3. h3 c5 4. Bf4 cxd4 5. Nxd4 Nbd7 6. Nf3 e6 7. c3 Bc5 8. e3
O-O 9. Bd3 Re8 10. Ne5 Nxe5 11. Bxe5 g6 12. Nd2 Nd7 13. Bf4 e5 14. Bh2 Qg5 15.
Rg1 Nf6 16. Bb5 Re7 17. Nb3 Bb6 18. Qe2 a6 19. Bd3 Bf5 20. Bxf5 Qxf5 21. O-O-O
Rae8 22. g4 Qg5 23. Qf1 Rc8 24. Kb1 Rd7 25. f4 exf4 26. Bxf4 Qh4 27. Bg3 Qg5
28. Bf4 Qh4 29. Nd4 Ne4 30. Nf3 Qe7 31. Rg2 g5 32. Be5 Bxe3 33. Qe2 Bf4 34. Qc2
Bxe5 35. Nxe5 Qxe5 36. Re1 Qf6 37. Ka1 Qb6 38. Qd1 Rcd8 39. Qf3 Qc6 40. Rc2 b5
41. Qg2 a5 42. a3 a4 43. Rec1 Nc5 44. Rf1 Nb3+ 45. Kb1 Qc4 46. Rf5 h6 47. Qf2
Re8 48. h4 Qxg4 49. hxg5 Qd1+ 50. Ka2 Qa1# 0-1

[Event "2022 Mary Thomson Cup (Division D)"]
[Site "Woodvale, Perth WA AUS"]
[Date "2022.03.23"]
[Round "7"]
[White "Young, Manfred"]
[Black "Rennie, Mike"]
[Result "1-0"]
[WhiteElo "1127"]
[BlackElo "818"]
[PlyCount "120"]
[EventDate "2022.02.02"]
[EventType "tourn"]
[EventRounds "7"]
[EventCountry "AUS"]

1. e4 e5 2. Nf3 d6 3. h3 Nf6 4. Nc3 Nc6 5. Bb5 Be7 6. O-O O-O 7. Bxc6 bxc6 8.
d3 Ba6 9. Nh2 d5 10. exd5 cxd5 11. Qf3 e4 12. dxe4 Bxf1 13. Nxf1 Nxe4 14. Nxe4
dxe4 15. Qg4 Qd4 16. c3 Qd3 17. Bh6 g6 18. Bxf8 Bxf8 19. Rd1 f5 20. Rxd3 fxg4
21. Re3 Re8 22. hxg4 Bc5 23. Re2 Bb6 24. Kh1 g5 25. Ne3 Re6 26. Nd5 Ba5 27. f3
Rh6+ 28. Kg1 Rd6 29. fxe4 Kf7 30. Rf2+ Ke6 31. Rf6+ Ke5 32. Rxd6 cxd6 33. c4
Kxe4 34. Nf6+ Kf4 35. Nxh7 Bb6+ 36. Kh2 Kxg4 37. Nf6+ Kf5 38. Nh5 Bf2 39. Ng3+
Kg4 40. Ne4 Be3 41. Kh1 Bf4 42. b4 Kf5 43. Nf2 Be3 44. Nd1 Bd2 45. b5 g4 46.
Kg1 g3 47. Kf1 Ke5 48. Ke2 Bb4 49. Kf3 Be1 50. Nb2 Kd4 51. Ke2 Bc3 52. Nd1 Kxc4
53. Nxc3 Kxc3 54. Kf3 Kb4 55. Kxg3 Ka3 56. Kf4 Ka4 57. g4 d5 58. g5 d4 59. g6
Kxb5 60. g7 a5 1-0

[Event "2022 Mary Thomson Cup (Division D)"]
[Site "Woodvale, Perth WA AUS"]
[Date "2022.04.06"]
[Round "7"]
[White "Kwenda, Ridge"]
[Black "Markou, Victor"]
[Result "0-1"]
[WhiteElo "913"]
[BlackElo "1108"]
[PlyCount "57"]
[EventDate "2022.02.02"]
[EventType "tourn"]
[EventRounds "7"]
[EventCountry "AUS"]

1. e4 e5 2. Nf3 d6 3. d3 Nf6 4. Bg5 Be7 5. Be2 O-O 6. b4 Nh5 7. Bxe7 Qxe7 8. a3
Nf6 9. c4 Nbd7 10. Nc3 c5 11. Nb5 Nb8 12. Nh4 a6 13. Nf5 Bxf5 14. Qa4 Nc6 15.
exf5 axb5 16. Qxb5 Nd4 17. Qb6 Nc2+ 18. Kd2 Nxa1 19. Rxa1 Ra6 20. Qxa6 bxa6 21.
b5 Qa7 22. Bf3 axb5 23. cxb5 Qa5+ 24. Ke3 d5 25. a4 Nd7 26. Bxd5 Qc3 27. Ra2
Qd4+ 28. Kd2 Qxd5 29. a5 0-1